000 00749nam a2200193Ia 4500
003 GCL
008 140319s9999 xx 000 0 ara d
040 _aGCL /
_cGCL
082 0 4 _a219.3
_bخ و
100 1 _aخالد أبوالفضل
245 1 0 _aوالله يعلم بجنوده :
_bالموثوق والمستبد فى الأحاديث الاسلامية /
_cخالد أبوالفضل
700 1 _aسامر زيتون
260 _aالقاهرة :
_bمكتبة مدبولى ،
_c2006
300 _a312 ص ؛
_c19 سم
650 0 4 _aالاسلام والاصلاح السياسى
650 0 4 _aالاسلام - دفع مطاعن
650 0 4 _aالاسلام - حركات الاحياء والاصلاح والتجديد
942 _2ddc
_cBK
999 _c9478
_d9478